| 000 | 00595nam a2200217Ia 4500 | ||
|---|---|---|---|
| 001 | 1623 | ||
| 003 | GE_BSU | ||
| 008 | 181216s||||||||xx |||||||||||||| ||und|| | ||
| 040 | _cGE_BSU | ||
| 080 | _a665.5/7 | ||
| 100 | _aМацкин,Л.А. Черняк,И.Л. Илембитов,М.С. | ||
| 245 | _aЭксплуатация нефтебаз. | ||
| 250 | _aИзд. 3-е, перер. и доп. | ||
| 260 | _aМ. | ||
| 260 | _bНедра. | ||
| 260 | _c1975. | ||
| 300 | _a392 стр. 24 см. | ||
| 541 | _h15л. | ||
| 653 | _aЭксплуатация нефтебаз. | ||
| 942 | _cBK | ||
| 999 |
_c35744 _d35744 |
||